Not the Obvious II Quiz Stats

 Plays Quiz Updated Jul 2, 2018

Score 0/24 Timer 05:00
1 Play Today
Category Answer % Correct
FIFA World Cup WinnersWest Germany, Argentina, Uruguay...
95.3%
Orchestra Instruments, WoodwindsOboe, Piccolo, Bassoon....
80%
Mario Kart 64 PlayersPeach, Yoshi, Toad...
77.4%
James Bond ActorsGeorge Lazenby, Roger Moore, Timothy Dalton, Daniel Craig
76.4%
Countries containing 'W'Botswana, New Zealand, Taiwan...
75.4%
Bible Books starting with 'J'Job, Jude, Judges...
75.5%
V8 IngredientsCelery, Lettuce, Beets...
71.2%
Red Hot Chili Peppers Songs, Billboard Hot 100Scar Tissue, Californication, Give It Away...
59.6%
Emmy Best Comedy, 2000-2009Arrested Development, The Office, Sex & The City...
57.2%
Meryl Streep's Best Actress Movie NodsDoubt, Out of Africa, Postcards from the Edge...
51.5%
Elements consisting of diatomic moleculesNitrogen, Fluorine, Iodine...
47.8%
World Capitals ending in 'City'Guatemala City, Kuwait City, Panama City
46.5%
Category Answer % Correct
Kingdoms of Organisms Protista, Fungi, Eubacteria, Archaebacteria
43.1%
Wives of Henry VIIIJane Seymour, Catherine Parr, Catherine Howard, Anne of Cleves
41.9%
Oscar Best Picture, 1990-1999Schindler's List, American Beauty, Shakespeare in Love...
41.7%
Universities in Washington, DCAmerican, Gallaudet, Howard...
40.3%
Oceanic 6 Members (TV show Lost)Hurley, Aaron, Sayid, Sun
38.3%
N*SYNC MembersJoey Fatone, JC Chasez, Chris Kirkpatrick
35.7%
NASCAR Champions, 2000-2009Matt Kenseth, Jeff Gordon, Kurt Busch, Bobby Labonte
31.1%
'The Fame' TracksPaparazzi, LoveGame, Money Honey...
30.3%
Ernest Hemingway NovelsThe Sun Also Rises, A Farewell to Arms, To Have and Have Not...
29.7%
Flavors of QuarksTop, Bottom, Strange, Charm
22.7%
Tony for Best Musical, 2000-2009Spring Awakening, The Producers, Jersey Boys...
21.8%
Bruce Springsteen Studio AlbumsThe Rising, The River, Nebraska...
19.5%

You're not logged in!

Compare scores with friends on all Sporcle quizzes.
OR
Log In

You Might Also Like...

Show Comments

Extras

Top Quizzes Today


Score Distribution

Your Account Isn't Verified!

In order to create a playlist on Sporcle, you need to verify the email address you used during registration. Go to your Sporcle Settings to finish the process.

Report this User

Report this user for behavior that violates our Community Guidelines.

Details: